书目信息 |
| 题名: |
基因时代的恐慌与真相
|
|
| 作者: | 方舟子 著 | |
| 分册: | ||
| 出版信息: | 桂林 广西师范大学出版社 2005.08 |
|
| 页数: | 294页 | |
| 开本: | 21cm | |
| 丛书名: | ||
| 单 册: | ||
| 中图分类: | Q78-49 | |
| 科图分类: | ||
| 主题词: | 基因--ji yin--遗传工程--普及读物 | |
| 电子资源: | ||
| ISBN: | 7-5633-5436-0 | |
| 000 | 00770nam0 2200217 450 | |
| 001 | 012006969579 | |
| 005 | 20060913091645.10 | |
| 010 | @a7-5633-5436-0@dCNY22.00 | |
| 100 | @a20060619d2005 km y0chiy0120 ea | |
| 101 | 0 | @achi |
| 102 | @aCN@b450000 | |
| 105 | @aa z 000yy | |
| 200 | 1 | @a基因时代的恐慌与真相@Aji yin shi dai de kong huang yu zhen xiang@f方舟子著@Ffang zhou zi zhu |
| 210 | @a桂林@c广西师范大学出版社@d2005.08 | |
| 215 | @a294页@c图@d21cm | |
| 330 | @a本书内容包括:“转基因”的是是非非、“基因”谣言种种、“克隆人”恐慌、生物技术的是是非非、“基因”的神话、从基因的观点看等。 | |
| 606 | 0 | @a基因@Aji yin@x遗传工程@j普及读物 |
| 690 | @aQ78-49@v4 | |
| 701 | 0 | @a方舟子@Afang zhou zi@4著 |
| 801 | 0 | @aCN@bQSSK@c20060913 |
| 905 | @a10447@dQ78-49@eF279 | |
| 基因时代的恐慌与真相/方舟子著.-桂林:广西师范大学出版社,2005.08 |
| 294页:图;21cm |
| ISBN 7-5633-5436-0:CNY22.00 |
| 本书内容包括:“转基因”的是是非非、“基因”谣言种种、“克隆人”恐慌、生物技术的是是非非、“基因”的神话、从基因的观点看等。 |
| ● |
| 相关链接 |
|
|
|
正题名:基因时代的恐慌与真相
索取号:Q78-49/F279
 
预约/预借
| 序号 | 登录号 | 条形码 | 馆藏地/架位号 | 状态 | 备注 |
| 1 | 589568 | 205895682 | 自科库401/401自科库 31排3列3层/ [索取号:Q78-49/F279] | 在馆 | |
| 2 | 589569 | 205895691 | 自科库401/401自科库 31排3列3层/ [索取号:Q78-49/F279] | 在馆 | |
| 3 | 589570 | 205895708 | 自科库401/401自科库 31排3列3层/ [索取号:Q78-49/F279] | 在馆 |